[Event "Perth op"]
[Site "Perth"]
[Date "2023.01.06"]
[Round "7"]
[White "Lawes, Alexander"]
[Black "Yeung, Evan"]
[Result "1-0"]
[WhiteElo "1407"]
[BlackElo "1608"]
[PlyCount "77"]
[EventDate "2023.01.02"]
[EventType "swiss"]
[EventRounds "11"]
[EventCountry "AUS"]
[SourceTitle "CBM 212 Extra"]
[Source "ChessBase"]
[SourceDate "2023.03.31"]
[SourceVersion "1"]
[SourceVersionDate "2023.03.31"]
[SourceQuality "1"]

1. e4 c5 2. d4 cxd4 3. c3 Nf6 4. e5 Nd5 5. cxd4 Nc6 6. Nf3 d6 7. h3 dxe5 8. dxe5 e6 9. Bc4 Bb4+ 10. Bd2 0-0 11. 0-0 Qa5 12. Bxb4 Ndxb4 13. a3 Rd8 14. Qb3 Nd5 15. Nc3 Nxc3 16. Qxc3 Qxc3 17. bxc3 Ne7 18. Rfd1 Bd7 19. Nd4 Rac8 20. Bb5 Rxc3 21. Nxe6 fxe6 22. Bxd7 Kf8 23. Bxe6 Rcd3 24. Rxd3 Rxd3 25. f4 Ng6 26. Bf5 Rg3 27. Kf2 Rc3 28. Bxg6 hxg6 29. a4 b6 30. g3 Ke7 31. a5 b5 32. a6 b4 33. Ra5 Rc1 34. Rb5 Rb1 35. Kf3 b3 36. Kg4 Ke6 37. Kg5 Kf7 38. Rb7+ Ke6 39. Rxa7 1-0

[Event "Perth op"]
[Site "Perth"]
[Date "2023.01.05"]
[Round "5"]
[White "Lawes, Alexander"]
[Black "Allison, Brian C"]
[Result "1-0"]
[WhiteElo "1407"]
[BlackElo "1624"]
[PlyCount "71"]
[EventDate "2023.01.02"]
[EventType "swiss"]
[EventRounds "11"]
[EventCountry "AUS"]
[SourceTitle "CBM 212 Extra"]
[Source "ChessBase"]
[SourceDate "2023.03.31"]
[SourceVersion "1"]
[SourceVersionDate "2023.03.31"]
[SourceQuality "1"]

1. e4 d5 2. exd5 Nf6 3. d4 Qxd5 4. Nc3 Qd6 5. Nf3 Bg4 6. Be2 Nc6 7. Nb5 Qd7 8. d5 Nxd5 9. Qxd5 0-0-0 10. Qxd7+ Rxd7 11. 0-0 a6 12. Na3 e5 13. h3 Bf5 14. c3 e4 15. Nh4 Be6 16. Kh2 f6 17. g3 g5 18. Ng2 Ne5 19. Nc2 h5 20. Nd4 Bg8 21. Ne3 c5 22. Ndf5 Be6 23. Kg2 Nd3 24. Rd1 h4 25. Bxd3 exd3 26. g4 c4 27. Nd4 Bf7 28. b3 b5 29. a4 Kb7 30. axb5 axb5 31. Nxb5 Bc5 32. Nxc4 Rf8 33. Ba3 Bxa3 34. Rxa3 Kc6 35. Nd4+ Kb7 36. Rxd3 1-0

[Event "Perth op"]
[Site "Perth"]
[Date "2023.01.02"]
[Round "1"]
[White "Janceski, Alex"]
[Black "Lawes, Alexander"]
[Result "1-0"]
[WhiteElo "1821"]
[BlackElo "1407"]
[PlyCount "63"]
[EventDate "2023.01.02"]
[EventType "swiss"]
[EventRounds "11"]
[EventCountry "AUS"]
[SourceTitle "CBM 212 Extra"]
[Source "ChessBase"]
[SourceDate "2023.03.31"]
[SourceVersion "1"]
[SourceVersionDate "2023.03.31"]
[SourceQuality "1"]

1. d4 Nf6 2. c4 e6 3. Nf3 Bb4+ 4. Bd2 Bxd2+ 5. Nbxd2 d5 6. e3 0-0 7. g3 b6 8. Bg2 Nbd7 9. 0-0 c5 10. Re1 Bb7 11. Rc1 Rc8 12. b3 Re8 13. a3 e5 14. cxd5 Nxd5 15. e4 Nc7 16. d5 Nb5 17. Nc4 Qe7 18. Bh3 f6 19. a4 Nd4 20. Ne3 Rcd8 21. Nxd4 cxd4 22. Be6+ Kh8 23. Nf5 Qf8 24. Rc7 Bc8 25. Rxc8 Nc5 26. Rc7 g6 27. Rf7 Qg8 28. Nh6 Qg7 29. Rxg7 Kxg7 30. Nf7 Rb8 31. Nd6 Re7 32. Bg4 1-0